| 000 | 00854nam a22002657a 4500 | ||
|---|---|---|---|
| 003 | CHAP | ||
| 005 | 20220329134955.0 | ||
| 008 | 971013s r 00010 d | ||
| 010 | _a28918 | ||
| 011 | _a29890 | ||
| 035 | _a34001 | ||
| 040 | _cCHAP | ||
| 090 | _aR-2208 | ||
| 100 | 0 | 0 |
_aLeeuw, G. T. N. de. _965625 |
| 245 | _aScanning electron microscopy of rickettsia-like organisms in latent rosette-diseased Beta vulgaris | ||
| 500 | _aSobretiro de: Journal of Plant diseases and Protection 90(4):409-414, 1983 | ||
| 590 |
_aBATCH-UPD _b10 _c20130110 _lUCH01 _h0018 |
||
| 590 |
_aBATCH-UPD _b10 _c20130110 _lUCH01 _h1533 |
||
| 590 |
_aCONVERSION _b10 _c20130109 _lUCH01 _h1317 |
||
| 650 | 1 | 4 |
_aRemolacha _xEnfermedades. _995859 |
| 650 | 1 | 4 |
_aRickettsias. _997316 |
| 901 | _aBK | ||
| 942 | _cREIMP | ||
| 949 |
_aR-2208 _bBC _cR _d-78831 _eTS1 _i34001 _mD _si |
||
| 999 |
_c28918 _d28918 |
||